A course in linear algebra

Αποθηκεύτηκε σε:
Λεπτομέρειες βιβλιογραφικής εγγραφής
Κύριος συγγραφέας: Damiano, David B.
Άλλοι συγγραφείς: Little, John B.
Μορφή: Βιβλίο
Γλώσσα:English
Δημοσίευση: New York : Dover Publications, Inc., 2011
Θέματα:
Ετικέτες: Προσθήκη ετικέτας
Δεν υπάρχουν, Καταχωρήστε ετικέτα πρώτοι!

MARC

LEADER 00000nam a2200000 i 4500
001 1/28952
008 130424s2011 eng d
020 |a 978-0-486-46908-9 
035 |l 10114288 
040 |a GR-MY-UA  |b gre  |e aacr 
041 0 |a eng 
082 0 |a 512.5  |2 (22) 
100 1 |a Damiano, David B. 
245 1 2 |a A course in linear algebra /  |c David B. Damiano, John B. Little 
260 |a New York :   |b Dover Publications, Inc.,   |c 2011 
300 |a 434 σ.;  |b σχ.;  |c 24 εκ. 
504 |a Περιλαμβάνει ευρετήριο 
650 0 0 |a Algebras, Linear. 
700 1 |a Little, John B. 
852 |a INST  |b CHIOS  |e 20130424  |h 512.5 DAM  |p 005200035348  |q 005200035348  |t BK  |y 0 
852 |a INST  |b CHIOS  |e 20130424  |h 512.5 DAM  |p 005200035349  |q 005200035349  |t BK  |y 0 
901 |a BIBL2-2013-1 
909 |a Χ  |b 177325 
909 |a Χ  |b 177324 
922 |a 2ΕΛΗ  |b 201310  |c ΤΑΚ/ΤΜΟΔ  |d ΙΩΑΝΝΙΔΟΥ 
970 |z 2013/01/